<?xml version="1.0" encoding="UTF-8"?>
<record
    xmlns:xsi="http://www.w3.org/2001/XMLSchema-instance"
    xsi:schemaLocation="http://www.loc.gov/MARC21/slim http://www.loc.gov/standards/marcxml/schema/MARC21slim.xsd"
    xmlns="http://www.loc.gov/MARC21/slim">

  <leader>00475nam a2200145 a 4500</leader>
  <controlfield tag="001">4623</controlfield>
  <controlfield tag="003">CDMR</controlfield>
  <controlfield tag="005">20130321194204.0</controlfield>
  <controlfield tag="008">130130s19681970||||||||||||||||||||||||d</controlfield>
  <datafield tag="040" ind1=" " ind2=" ">
    <subfield code="a">CDMR</subfield>
    <subfield code="b">cat</subfield>
    <subfield code="c">CDMR</subfield>
  </datafield>
  <datafield tag="245" ind1="0" ind2="0">
    <subfield code="a">Geograf&#xED;a universal Larousse</subfield>
    <subfield code="c">dirigida por Pierre Deffontaines ; con la colaboraci&#xF3;n de Mariel Jean-Brunhes Delamarre ; y la supervisi&#xF3;n... Ernesto Reguera Sierra</subfield>
  </datafield>
  <datafield tag="260" ind1=" " ind2=" ">
    <subfield code="a">Barcelona</subfield>
    <subfield code="c">1968-1970</subfield>
    <subfield code="b">Planeta</subfield>
  </datafield>
  <datafield tag="300" ind1=" " ind2=" ">
    <subfield code="a">3 v.</subfield>
  </datafield>
  <datafield tag="942" ind1=" " ind2=" ">
    <subfield code="c">MON</subfield>
    <subfield code="2">udc</subfield>
  </datafield>
  <datafield tag="999" ind1=" " ind2=" ">
    <subfield code="c">4623</subfield>
    <subfield code="d">4623</subfield>
  </datafield>
  <datafield tag="952" ind1=" " ind2=" ">
    <subfield code="0">0</subfield>
    <subfield code="1">0</subfield>
    <subfield code="4">0</subfield>
    <subfield code="7">0</subfield>
    <subfield code="8">REF</subfield>
    <subfield code="a">CDMR</subfield>
    <subfield code="b">CDMR</subfield>
    <subfield code="d">2013-01-16</subfield>
    <subfield code="l">0</subfield>
    <subfield code="o">Ak</subfield>
    <subfield code="p">Ak968540201301161256</subfield>
    <subfield code="r">2013-01-16</subfield>
    <subfield code="t">Vol. 1</subfield>
    <subfield code="w">2013-01-16</subfield>
    <subfield code="y">REF</subfield>
  </datafield>
  <datafield tag="952" ind1=" " ind2=" ">
    <subfield code="0">0</subfield>
    <subfield code="1">0</subfield>
    <subfield code="4">0</subfield>
    <subfield code="7">0</subfield>
    <subfield code="8">REF</subfield>
    <subfield code="a">CDMR</subfield>
    <subfield code="b">CDMR</subfield>
    <subfield code="d">2013-01-16</subfield>
    <subfield code="l">0</subfield>
    <subfield code="o">Ak</subfield>
    <subfield code="p">Ak668104201301161256</subfield>
    <subfield code="r">2013-01-16</subfield>
    <subfield code="t">Vol. 2</subfield>
    <subfield code="w">2013-01-16</subfield>
    <subfield code="y">REF</subfield>
  </datafield>
  <datafield tag="952" ind1=" " ind2=" ">
    <subfield code="0">0</subfield>
    <subfield code="1">0</subfield>
    <subfield code="4">0</subfield>
    <subfield code="7">0</subfield>
    <subfield code="8">REF</subfield>
    <subfield code="a">CDMR</subfield>
    <subfield code="b">CDMR</subfield>
    <subfield code="d">2013-01-16</subfield>
    <subfield code="l">0</subfield>
    <subfield code="o">Ak</subfield>
    <subfield code="p">Ak642902013011612563</subfield>
    <subfield code="r">2013-01-16</subfield>
    <subfield code="t">Vol. 3</subfield>
    <subfield code="w">2013-01-16</subfield>
    <subfield code="y">REF</subfield>
  </datafield>
</record>
